Renewable Energy : (Record no. 613933)

MARC details
000 -LEADER
fixed length control field 00472nam a2200181 a 4500
008 - FIXED-LENGTH DATA ELEMENTS--GENERAL INFORMATION
fixed length control field 260217s2010##################000#0#eng##
020 ## - INTERNATIONAL STANDARD BOOK NUMBER
ISBN 9781849711609
082 04 - DEWEY DECIMAL CLASSIFICATION NUMBER
Classification number 333.794
Item number SEI
100 1# - MAIN ENTRY--AUTHOR NAME
Personal name Seifried, Dieter,
245 10 - TITLE STATEMENT
Title Renewable Energy :
260 ## - PUBLICATION, DISTRIBUTION, ETC. (IMPRINT)
Name of publisher Routledge,
Year of publication 2010.
650 #0 - SUBJECT ADDED ENTRY--TOPICAL TERM
Topical Term Renewable energy sources.
942 ## - ADDED ENTRY ELEMENTS (KOHA)
Koha item type English Books

No items available.

Find us on the map